Statystyki dla Wódka

Kliknij tutaj aby rozwiązać quiz!

Ogólne statystyki

  • Ten quiz został rozwiązany 1 005 razy
    (467 od ostatniego zresetowania)
  • Średni wynik to 12 z 28

Statystyki odpowiedzi

Pierwsza literaNazwa wódki% Poprawnych
ŻŻubrówka
91%
FFinlandia
82%
SSoplica
73%
ŻŻołądkowa Gorzka
70%
SStock
67%
PPan Tadeusz
66%
WWyborowa
59%
BBocian
59%
LLubelska
58%
AAbsolut
56%
BBols
56%
KKrupnik
49%
ŻŻytnia
42%
AAbsolwent
38%
SSobieski
36%
OOgiński
36%
CChopin
35%
LLuksusowa
34%
BBarmańska
31%
AAmundsen
27%
SStumbras
23%
SSmirnoff
22%
SSaska
18%
PPolska
16%
CChrobry
14%
PParkowa
13%
LLudowa
9%
BBatory
8%

Rozkład punktacji

Percentyl według liczby udzielonych odpowiedzi

Procent ludzi z każdym wynikiem

Twoja historia wyników

Nie rozwiązałeś tego quizu od ostatniego zresetowania